000 00619nam a2200229Ia 4500
003 OSt
005 20221006164908.0
006 a|||||r|||| 00| 0
007 ta
008 221006b |||||||| |||| 00| 0 hin d
024 _a6,102
037 _cTextual
040 _aFML
_cFML
_bhin
041 _2hin
_ahin
082 _aNr44,25k, N6 -; 1
100 _aSrivastawa Girish Chandra Au.
245 0 _aTaal Kosh
260 _aAllahabad
_bRubi Prakashan India
_c1996
300 _a277
_ccm.
942 _hNr44,25k, N6 -; 1
_cTEXL
_2CC
999 _c1118865
_d1118865